| 000 | 00580nam a2200217 a 4500 | ||
|---|---|---|---|
| 001 | 86505 | ||
| 003 | BD-RjUL | ||
| 005 | 20260518141327.0 | ||
| 008 | 260518s1897 e ||||| |||| 00| 0 eng d | ||
| 035 | _a(BD-RjUL)86505 | ||
| 040 |
_aBD-RjUL _beng _cBD-RjUL |
||
| 041 | _aeng | ||
| 082 |
_223 _a843.7 _bBAU 1897 |
||
| 100 |
_aBalzac, Honoré de _918495 |
||
| 245 |
_aUrsule Mirouët / _cHonoré de Balzac |
||
| 250 | _aCaxton ed. | ||
| 260 |
_aLondon : _bCaxton Publishing Company, _c1897 |
||
| 300 |
_a350 p. ; _c21 cm. |
||
| 650 |
_aFrench fiction _918499 |
||
| 942 |
_2ddc _cBK |
||
| 999 |
_c86505 _d86505 |
||